Normal view
MARC view
- Naval history
Entry Topical Term
001 - CONTROL NUMBER
- control field: 49548
003 - CONTROL NUMBER IDENTIFIER
- control field: NUST
005 - DATE AND TIME OF LATEST TRANSACTION
- control field: 20210314134349.0
008 - FIXED-LENGTH DATA ELEMENTS
- fixed length control field: 210314|| aca||aabn | a|a d
040 ## - CATALOGING SOURCE
- Original cataloging agency: NUST
- Transcribing agency: NUST
150 ## - HEADING--TOPICAL TERM
- Topical term or geographic name entry element: Naval history
670 ## - SOURCE DATA FOUND
- Source citation: Work cat.: (NUST): Rose, John Holland, 49547, The indecisiveness of modern war and other essays,, 1927.
